000 00288 a2200073 4500
245 0 _aGlobal Mobile Personal Communications Systems (GMPCS) :
_bReport of Third Regulatory Colloquium /
_c.
710 2 _aInternational Telecommunication Union.
_eWydawca
_4pbl
260 _aGeneva :
_bITU,
_c1994.
300 _a103 s.;
_c21 cm.
999 _c692
_d692